MLB Teams with the Same Name for 100 Years - Statistics

General Stats
  • This quiz has been taken 82 times
  • The average score is 8 of 9
Answer Stats
Same Name Since Team % Correct
1913 New York Yankees
99%
1903 Chicago Cubs
94%
1908 Boston Red Sox
91%
1904 Chicago White Sox
90%
1900 St. Louis Cardinals
83%
1901 Detroit Tigers
80%
1915 Cleveland Indians
78%
1891 Pittsburgh Pirates
78%
1890 Philadelphia Phillies
74%
No matching quizzes found
Score Distribution
Percent of People with Each Score
Percentile by Number Answered
Your Score History
You have not taken this quiz